| 000 | 00485nam a2200217Ia 4500 | ||
|---|---|---|---|
| 008 | 170918s9999 xx 000 0 und d | ||
| 020 | _a9780545484497 | ||
| 050 | _bJ897 2013 | ||
| 100 | _aJoyner, Andrew | ||
| 245 | _aFor the win / | ||
| 245 | _cby Andrew Joyner. | ||
| 260 | _aNew York : | ||
| 260 | _bScholastic, | ||
| 260 | _c2013 | ||
| 300 | _a73 pages : | ||
| 300 | _bcolor illustration ; | ||
| 300 | _c19cm. | ||
| 300 | _eBoris ; | ||
| 440 | _a3 | ||
| 500 | _a230 | ||
| 999 |
_c344233 _d344233 |
||